| 000 | 00644nam a22002057a 4500 | ||
|---|---|---|---|
| 003 | AM-YeHGA | ||
| 040 | _aAM-YeHGA | ||
| 090 | _c425725 | ||
| 005 | 20250617154951.0 | ||
| 008 | 190618s ||||| |||| 00| 0 rus d | ||
| 041 | 0 | _arus | |
| 100 | 1 | _aЛеонов, Леонид Максимович. | |
| 245 | 1 | 0 |
_aСаранча : _bПовесть / _cЛеонид Леонов |
| 260 |
_aМосква : _bГослитиздат, _c1958. |
||
| 300 | _a62 с. | ||
| 440 | 0 | _aМассовая серия | |
| 653 | 0 | _aАгрономы (х. л.) | |
| 653 | 0 | _aСаранча - Истребление (х. л.) | |
| 942 |
_2udc _cBK |
||
| 999 |
_c423285 _d423285 |
||